| 000 | 00377cam a2200145ua 4500 | ||
|---|---|---|---|
| 003 | OSt | ||
| 008 | 241223b |||||||| |||| 00| 0 eng d | ||
| 082 |
_a621.3 _bTAR/MA |
||
| 100 |
_aTareev, B M . _91759 |
||
| 245 | _aMaterials for Electrical Engineering / | ||
| 250 | _a1 / | ||
| 260 |
_aMoscow : _bHigher School Publishing House , _c1965. |
||
| 300 | _a198 ; . | ||
| 942 | _cBK | ||
| 999 |
_c8905 _d8905 |
||